[Event "Nichelino Berruto Memorial 19th"]
[Site "Nichelino"]
[Date "2016.03.11"]
[Round "5"]
[White "Ferrario, Enrico"]
[Black "Petrini, Alberto"]
[Result "0-1"]
[WhiteElo "1819"]
[BlackElo "1920"]
[PlyCount "80"]
[EventDate "2016.02.12"]
[EventType "swiss"]
[EventRounds "6"]
[EventCountry "ITA"]
[SourceTitle "EXT 2018"]
[Source "ChessBase"]
[SourceDate "2017.10.13"]
[SourceVersion "1"]
[SourceVersionDate "2017.10.13"]
[SourceQuality "1"]

1. e4 d5 2. Nc3 dxe4 3. Nxe4 e6 4. Nf3 Be7 5. Bc4 Nf6 6. Ng3 c5 7. 0-0 0-0 8. c3 Nc6 9. Re1 b6 10. Qe2 Re8 11. Ng5 Nd5 12. Nh3 Bb7 13. Qg4 Nf6 14. Qe2 Nd5 15. f4 Qd7 16. f5 exf5 17. Qf3 Nf6 18. Qxf5 Qxf5 19. Nxf5 Bf8 20. Rxe8 Rxe8 21. Ne3 Ne5 22. Be2 Rd8 23. Nf2 g6 24. a4 a5 25. Nc4 Nxc4 26. Bxc4 Re8 27. Kf1 Bd6 28. g3 h5 29. Nh3 h4 30. Ng5 Nd5 31. Kf2 hxg3+ 32. hxg3 f6 33. Nf3 Kg7 34. d3 g5 35. Bd2 Kg6 36. Rh1 Kg7 37. Nxg5 fxg5 38. Rh5 Be7 39. Bxg5 Kg6 40. Bxe7 Kxh5 0-1

[Event "Nichelino Berruto Memorial 19th"]
[Site "Nichelino"]
[Date "2016.02.12"]
[Round "1"]
[White "Liviabella, Lucio"]
[Black "Ferrario, Enrico"]
[Result "0-1"]
[WhiteElo "1581"]
[BlackElo "1819"]
[PlyCount "84"]
[EventDate "2016.02.12"]
[EventType "swiss"]
[EventRounds "6"]
[EventCountry "ITA"]
[SourceTitle "EXT 2018"]
[Source "ChessBase"]
[SourceDate "2017.10.13"]
[SourceVersion "1"]
[SourceVersionDate "2017.10.13"]
[SourceQuality "1"]

1. e4 e6 2. d4 d5 3. exd5 exd5 4. Nf3 Bg4 5. Be2 Bd6 6. Nc3 c6 7. Bg5 f6 8. Bh4 Qc7 9. Bg3 Ne7 10. Qd2 Nd7 11. 0-0-0 0-0-0 12. Kb1 Nf5 13. Bxd6 Nxd6 14. h3 Bf5 15. Bd3 Rhe8 16. Bxf5 Nxf5 17. g4 Nd6 18. Rhe1 Ne4 19. Nxe4 dxe4 20. Ng1 Nb6 21. Qa5 Kb8 22. Qf5 Nc4 23. Qc5 Nd6 24. Re3 b6 25. Qb4 Nb5 26. Ne2 a6 27. Rb3 c5 28. Qc4 Ka7 29. d5 Nd6 30. Qc3 Nb5 31. Rxb5 axb5 32. Nd4 Qd7 33. Nc6+ Qxc6 34. Qd2 Qd6 35. b3 b4 36. Qe2 Re5 37. Qb5 Rxd5 38. Rc1 Rd1 39. Qc4 Rxc1+ 40. Kxc1 Qd2+ 41. Kb1 Qd1+ 42. Kb2 Qd4+ 0-1

[Event "Nichelino op"]
[Site "Nichelino"]
[Date "2008.10.04"]
[Round "4"]
[White "Zunino, Davide"]
[Black "Ferrario, Enrico"]
[Result "1-0"]
[WhiteElo "1976"]
[BlackElo "1946"]
[PlyCount "71"]
[EventDate "2008.10.02"]
[EventType "swiss"]
[EventRounds "6"]
[EventCountry "ITA"]
[SourceTitle "CBM 126 Extra"]
[Source "ChessBase"]
[SourceDate "2008.11.05"]
[SourceVersion "1"]
[SourceVersionDate "2008.11.05"]
[SourceQuality "1"]

1. d4 Nf6 2. Nc3 g6 3. e4 d6 4. f4 Bg7 5. a3 c5 6. dxc5 dxc5 7. Qxd8+ Kxd8 8. Be3 b6 9. 0-0-0+ Bd7 10. Nf3 Ng4 11. Bg1 Bxc3 12. bxc3 Kc7 13. h3 Nh6 14. Bc4 Nc6 15. Be3 f6 16. f5 g5 17. h4 Ng4 18. Bg1 h6 19. Bd5 Rad8 20. Nh2 Nce5 21. Nxg4 Nxg4 22. Rh3 Bc6 23. c4 Bxd5 24. exd5 Kd7 25. Re1 Ne5 26. Re4 Rdg8 27. Bh2 Nf7 28. Rhe3 Re8 29. h5 Rhg8 30. g4 Rg7 31. Kb2 Nd8 32. Kb3 Nb7 33. Ka4 Nd6 34. Bxd6 Kxd6 35. Re6+ Kc7 36. Rxf6 1-0

[Event "Porto Mannu op"]
[Site "Porto Mannu"]
[Date "2008.05.21"]
[Round "6"]
[White "Neri, Enzo"]
[Black "Ferrario, Enrico"]
[Result "1-0"]
[WhiteElo "2084"]
[BlackElo "1979"]
[PlyCount "125"]
[EventDate "2008.05.17"]
[EventType "swiss"]
[EventRounds "9"]
[EventCountry "ITA"]
[SourceTitle "CBM 124 Extra"]
[Source "ChessBase"]
[SourceDate "2008.07.03"]
[SourceVersion "1"]
[SourceVersionDate "2008.07.03"]
[SourceQuality "1"]

1. d4 Nc6 2. Nf3 Nf6 3. Bf4 d6 4. c4 g6 5. Nc3 Bg7 6. h3 0-0 7. e4 Re8 8. Be2 b6 9. 0-0 Bb7 10. d5 Nb8 11. g4 Nbd7 12. Nd2 a5 13. g5 Nh5 14. Bxh5 gxh5 15. Rc1 Nc5 16. Nb3 Bc8 17. Nxc5 bxc5 18. Qxh5 Qd7 19. Kg2 Kh8 20. Rh1 e6 21. Qg4 Rg8 22. h4 Qe7 23. Qf3 Bb7 24. Bd2 Raf8 25. Kf1 f5 26. Nd1 fxe4 27. Qxe4 Rf5 28. Ne3 Re5 29. Qd3 exd5 30. cxd5 Rf8 31. Rh3 Qf7 32. Rh2 Qf4 33. Kg1 Qf3 34. Rc3 Bxd5 35. Nxd5 Qxd5 36. f4 Qxd3 37. Rxd3 Re4 38. b3 a4 39. Kf2 axb3 40. axb3 Bd4+ 41. Kf3 d5 42. h5 Kg7 43. Rh1 c6 44. Rh4 Ra8 45. Kg4 Ra3 46. Rhh3 Ra2 47. Kf5 Ra8 48. h6+ Kg8 49. Kg4 Kf7 50. Kh5 c4 51. bxc4 dxc4 52. Ra3 c3 53. Rxa8 cxd2 54. Rd3 Be3 55. Rad8 Bxf4 56. R8d7+ Ke6 57. g6 Re1 58. gxh7 Rh1+ 59. Kg4 Be5 60. Rxd2 Rxh6 61. Ra7 Bd6 62. Re2+ Be5 63. Ra5 1-0

[Event "Turin Epifania op"]
[Site "Turin"]
[Date "2006.01.??"]
[Round "5"]
[White "Ferrario, Enrico"]
[Black "Fassio, Luca"]
[Result "0-1"]
[WhiteElo "1954"]
[BlackElo "2059"]
[PlyCount "120"]
[EventDate "2006.01.04"]
[EventType "swiss"]
[EventRounds "7"]
[EventCountry "ITA"]
[SourceTitle "EXT 2011"]
[Source "ChessBase"]
[SourceDate "2010.11.26"]
[SourceVersion "1"]
[SourceVersionDate "2010.11.26"]
[SourceQuality "1"]

1. e4 g6 2. d4 Bg7 3. Nc3 d6 4. f4 c6 5. Nf3 Bg4 6. Be3 Qb6 7. Qd2 Bxf3 8. gxf3 Nd7 9. 0-0-0 Qa5 10. Kb1 b5 11. Bh3 Nb6 12. Ne2 Qxd2 13. Bxd2 Nf6 14. Ng3 e6 15. f5 exf5 16. exf5 0-0 17. Bb4 Rfd8 18. Ne4 a5 19. Be1 d5 20. Nc5 Nc4 21. Bh4 Ra7 22. b3 Nb6 23. Nd3 Nc8 24. Ne5 Ne7 25. Rhe1 Kf8 26. Ng4 Nxg4 27. fxg4 f6 28. Re6 g5 29. Bg3 Kf7 30. Rde1 Bf8 31. Bd6 Nxf5 32. Bxf8 Nxd4 33. Re7+ Rxe7 34. Bxe7 Re8 35. Rd1 Ne2 36. Bc5 Nc3+ 37. Kc1 Nxd1 38. Kxd1 Re4 39. Kd2 Ke6 40. Kd3 Ke5 41. Be7 Re1 42. Bg2 Rg1 43. Bf3 Re1 44. Bd8 a4 45. Ba5 Rf1 46. Be2 Rb1 47. Kd2 Ke6 48. Bd3 axb3 49. axb3 Kd6 50. Bd8 Rh1 51. Bxf6 Rxh2+ 52. Kc3 Rf2 53. Bg7 h5 54. Bf8+ Kc7 55. Bg7 h4 56. Be5+ Kb7 57. Kd4 h3 58. Kc5 h2 59. Bxh2 Rxh2 60. c3 Rh3 0-1

[Event "Nichelino op 5th"]
[Site "Nichelino"]
[Date "2004.10.09"]
[Round "3"]
[White "Ferrario, Enrico"]
[Black "Kidane, Robel"]
[Result "0-1"]
[WhiteElo "1888"]
[BlackElo "2095"]
[PlyCount "94"]
[EventDate "2004.10.07"]
[EventType "swiss"]
[EventRounds "6"]
[EventCountry "ITA"]
[SourceTitle "EXT 2009"]
[Source "ChessBase"]
[SourceDate "2008.11.26"]
[SourceVersion "1"]
[SourceVersionDate "2008.11.26"]
[SourceQuality "1"]

1. e4 c5 2. Nc3 d6 3. Nf3 Nf6 4. g3 Nc6 5. Bg2 g6 6. 0-0 Bg7 7. d3 0-0 8. Ne2 Rb8 9. Nh4 b5 10. f4 Qc7 11. h3 a5 12. g4 Ba6 13. Ng3 b4 14. g5 Nd7 15. Nf3 Qb6 16. Kh2 c4 17. dxc4 Bxc4 18. Re1 Qc7 19. f5 Nc5 20. f6 exf6 21. Bf4 Ne5 22. b3 Ba6 23. Rc1 Ne6 24. Be3 Nxf3+ 25. Qxf3 fxg5 26. Red1 Be5 27. Kh1 Rbc8 28. Bf1 Bxf1 29. Nxf1 Nf4 30. Nd2 Qd7 31. h4 g4 32. Qf1 Nh5 33. Kg2 f5 34. Nc4 Qc6 35. Rd5 f4 36. Nxe5 dxe5 37. Bc5 f3+ 38. Kf2 g3+ 39. Kg1 f2+ 40. Kg2 Nf4+ 41. Kxg3 Nxd5 42. Bxf8 Qc3+ 43. Kh2 Ne3 44. Qa6 f1N+ 45. Kg1 Rxf8 46. Qe6+ Rf7 47. Rxf1 Nxf1 0-1

[Event "Turin Piemonte op 5th"]
[Site "Turin"]
[Date "2003.12.08"]
[Round "6"]
[White "Sorcinelli, Francesco"]
[Black "Ferrario, Enrico"]
[Result "0-1"]
[WhiteElo "2122"]
[BlackElo "1638"]
[PlyCount "40"]
[EventDate "2003.12.04"]
[EventType "swiss"]
[EventRounds "7"]
[EventCountry "ITA"]
[SourceTitle "EXT 2008"]
[Source "ChessBase"]
[SourceDate "2007.11.25"]
[SourceVersion "1"]
[SourceVersionDate "2007.11.25"]
[SourceQuality "1"]

1. d3 d5 2. f4 c6 3. Nf3 Nf6 4. g3 Bg4 5. Bg2 Qb6 6. a4 a5 7. e3 Nbd7 8. h3 Bxf3 9. Qxf3 e5 10. fxe5 Nxe5 11. Qf5 Bd6 12. 0-0 0-0 13. Kh1 Ng6 14. Bd2 Qxb2 15. Bc3 Qxc2 16. Be1 Rae8 17. h4 Rxe3 18. h5 Ne7 19. Qg5 Qxd3 20. Ra3 Bxa3 0-1

[Event "Turin Piemonte op 5th"]
[Site "Turin"]
[Date "2003.12.06"]
[Round "3"]
[White "Tomanin, Roberto"]
[Black "Ferrario, Enrico"]
[Result "0-1"]
[WhiteElo "1476"]
[BlackElo "1638"]
[PlyCount "30"]
[EventDate "2003.12.04"]
[EventType "swiss"]
[EventRounds "7"]
[EventCountry "ITA"]
[SourceTitle "EXT 2008"]
[Source "ChessBase"]
[SourceDate "2007.11.25"]
[SourceVersion "1"]
[SourceVersionDate "2007.11.25"]
[SourceQuality "1"]

1. d4 Nf6 2. Bf4 d5 3. e3 Bf5 4. Nf3 h6 5. c3 Nbd7 6. h3 c6 7. Nbd2 e6 8. g4 Bh7 9. Ne5 Be7 10. h4 Ne4 11. Ndf3 Qb6 12. Nxd7 Qxb2 13. Rh2 Qxc3+ 14. Ke2 Qb2+ 15. Ke1 Bb4+ 0-1